000 01034cam a2200277 4500
999 _c62836
_d62836
001 4064087
003 ARRUPE
005 20170504112116.0
008 731001s1967 enkab b 000 0 eng
010 _a 67082613
015 _aB67-6685
040 _aDLC
_cDLC
_dDLC
043 _ae-uk-en
_afw-----
050 0 0 _aDT471
_b.F69
082 0 0 _a966
100 1 _aForde, Cyril Daryll,
_d1902-
_930512
245 1 0 _aWest African kingdoms in the nineteenth century;
_cedited with an introduction by Daryll Forde and P. M. Kaberry.
260 _aLondon,
_bOxford U.P., for the International African Institute,
_c1967.
300 _axiv, 289 p.
_bfront., maps, diagrs.
_c22 1/2 cm.
504 _aIncludes bibliographies.
650 0 _aMonarchy
_zAfrica, West
_xHistory
_y19th century.
_930513
651 0 _aAfrica, West
_xHistory
_yTo 1884.
_929270
700 1 _aKaberry, Phyllis Mary,
_d1910-
_ejoint author.
_930514
710 2 _aInternational African Institute.
_93663
906 _a7
_bcbc
_corignew
_du
_eopcn
_f19
_gy-gencatlg
942 _2lcc
_cMONOGRAPH